000 00264nam a22001217a 4500
008 170619b xxu||||| |||| 00| 0 eng d
041 _aeng
080 _a94
100 _a16
101 _aSHH
245 _aTERRORISM AND PUBLIC HEALTH
_cLEVY,B.S
942 _2udc
_cBK
999 _c18148
_d18148